|
|
|
|
| LEADER |
00000nam0a2200000 4500 |
| 001 |
114208 |
| 005 |
20231101215158.0 |
| 010 |
|
|
|a 5020066427
|
| 020 |
|
|
|a RU
|b 91-33056
|
| 035 |
|
|
|a (RuTPU)RU\TPU\book\123510
|
| 090 |
|
|
|a 114208
|
| 100 |
|
|
|a 20070420d1990 km a0rusy5003 ca
|
| 101 |
0 |
|
|a rus
|
| 102 |
|
|
|a RU
|
| 105 |
|
|
|a a z 001zy
|
| 200 |
1 |
|
|a Задачи классификации и их программное обеспечение. (Пакет КВАЗАР)
|f В. С. Казанцев
|g Академия наук Азербайджанской ССР (АН АзССР), Институт математики и механики ; под ред. В. Д. Мазурова
|
| 210 |
|
|
|a Москва
|c Наука
|d 1990
|
| 215 |
|
|
|a 133,[2] с.
|c граф.
|
| 320 |
|
|
|a Библиогр.: с. 128-134 (127 назв.).
|
| 606 |
|
|
|a Классификация
|x Математические методы
|2 stltpush
|3 (RuTPU)RU\TPU\subj\66339
|9 82519
|
| 610 |
1 |
|
|a математическая статистика
|
| 610 |
1 |
|
|a задачи
|
| 610 |
1 |
|
|a решение на вычислительных машинах
|
| 610 |
1 |
|
|a пакет КВАЗАР
|
| 675 |
|
|
|a 519.237
|z rus
|
| 700 |
|
1 |
|a Казанцев
|b В. С.
|g Владимир Сергеевич
|4 070
|
| 702 |
|
1 |
|a Мазуров
|b В. Д.
|4 340
|
| 712 |
0 |
2 |
|a Академия наук Азербайджанской ССР (АН АзССР)
|b Институт математики и механики
|c (Баку)
|2 stltpush
|3 (RuTPU)RU\TPU\col\11562
|
| 801 |
|
0 |
|a RU
|b RuMRKP
|c 19950417
|g psbo
|
| 801 |
|
1 |
|a RU
|b 63413507
|c 20070420
|g PSBO
|
| 801 |
|
2 |
|a RU
|b 63413507
|c 20180515
|g PSBO
|
| 942 |
|
|
|c BK
|